[Event "Asian-ch Seniors 50"]
[Site "Chess.com INT"]
[Date "2020.07.21"]
[Round "9.4"]
[White "Khakpoor, Abbas"]
[Black "Surender, Kumar Sharma"]
[Result "0-1"]
[WhiteElo "2087"]
[BlackElo "2109"]
[PlyCount "86"]
[EventDate "2020.07.21"]
[EventType "swiss"]
[EventRounds "9"]
[EventCountry "UAE"]
[SourceTitle "EXT 2024"]
[Source "ChessBase"]
[SourceDate "2023.10.10"]
[SourceVersion "1"]
[SourceVersionDate "2023.10.10"]
[SourceQuality "1"]

1. e4 d6 2. d4 Nf6 3. Nc3 g6 4. h3 Bg7 5. Nf3 c6 6. Be3 0-0 7. Qd2 b5 8. Bd3 Bb7 9. a4 b4 10. Ne2 Qa5 11. 0-0 c5 12. Ng3 c4 13. Bxc4 Nxe4 14. Nxe4 Bxe4 15. Be2 Nd7 16. Bh6 Rac8 17. Rfc1 Bxf3 18. Bxf3 Nf6 19. Bxg7 Kxg7 20. Ra3 Rc4 21. Re3 e6 22. h4 Rfc8 23. Re2 Qb6 24. c3 bxc3 25. bxc3 d5 26. h5 Qa5 27. h6+ Kg8 28. Qg5 Nd7 29. Rb2 Qd8 30. Qe3 Rxa4 31. Rb7 a5 32. Rcb1 Rac4 33. Qf4 R4c7 34. Be2 Rxb7 35. Rxb7 Qf6 36. Qd6 Nf8 37. Bf3 Qg5 38. g3 Qxh6 39. Qa3 a4 40. Kg2 Qg5 41. Ra7 h5 42. Rxa4 h4 43. Qb2 Qf6 0-1

[Event "Asian-ch Seniors zt 50 3.1"]
[Site "Chess.com INT"]
[Date "2020.07.13"]
[Round "7.2"]
[White "Hammoudeh, Ismail"]
[Black "Khakpoor, Abbas"]
[Result "0-1"]
[WhiteElo "2022"]
[BlackElo "2087"]
[PlyCount "58"]
[EventDate "2020.07.13"]
[EventType "swiss"]
[EventRounds "7"]
[EventCountry "JOR"]
[SourceTitle "EXT 2024"]
[Source "ChessBase"]
[SourceDate "2023.10.10"]
[SourceVersion "1"]
[SourceVersionDate "2023.10.10"]
[SourceQuality "1"]

1. e4 Nf6 2. e5 Nd5 3. c4 Nb6 4. d4 d6 5. exd6 cxd6 6. Nc3 g6 7. Be3 Bg7 8. Be2 0-0 9. Rc1 Nc6 10. Nf3 Bg4 11. b3 a5 12. h3 Bxf3 13. Bxf3 a4 14. c5 dxc5 15. dxc5 Qxd1+ 16. Kxd1 axb3 17. axb3 Rfd8+ 18. Kc2 Nb4+ 19. Kb1 Ra3 20. Bxb7 Rxb3+ 21. Ka1 Rxc3 22. Rxc3 Bxc3+ 23. Kb1 Na4 24. c6 Be5 25. Rc1 Rd3 26. Rc4 Nc3+ 27. Kc1 Rd1+ 28. Kb2 Rb1+ 29. Ka3 Nc2# 0-1

[Event "Asian-ch Seniors zt 50 3.1"]
[Site "Chess.com INT"]
[Date "2020.07.13"]
[Round "3.3"]
[White "Mohandesi, Shahin"]
[Black "Khakpoor, Abbas"]
[Result "0-1"]
[WhiteElo "1995"]
[BlackElo "2087"]
[PlyCount "74"]
[EventDate "2020.07.13"]
[EventType "swiss"]
[EventRounds "7"]
[EventCountry "JOR"]
[SourceTitle "EXT 2024"]
[Source "ChessBase"]
[SourceDate "2023.10.10"]
[SourceVersion "1"]
[SourceVersionDate "2023.10.10"]
[SourceQuality "1"]

1. d4 Nf6 2. Nf3 g6 3. Bg5 Bg7 4. Nbd2 c5 5. c3 b6 6. e3 h6 7. Bxf6 exf6 8. dxc5 bxc5 9. Ne4 0-0 10. Nxc5 Qb6 11. Nd3 Nc6 12. Qb3 Qc7 13. Be2 Rb8 14. Qc2 f5 15. 0-0 d6 16. Rab1 Ne5 17. Nf4 Bb7 18. Nd4 d5 19. Rfd1 Nc4 20. Qa4 Ba8 21. Bxc4 dxc4 22. Rd2 Be5 23. g3 g5 24. Nfe2 f4 25. exf4 gxf4 26. g4 Kh8 27. f3 Rg8 28. h3 Rg6 29. Qc2 Qb6 30. Kh2 Bxf3 31. Qf5 Bc7 32. Nxf4 Rf6 33. Kg3 Rxf5 34. Nxf5 Be4 35. Re1 Bxf5 36. gxf5 Rg8+ 37. Kf3 Qf6 0-1

[Event "Tehran Paytakht Cup 2nd"]
[Site "Tehran"]
[Date "2017.10.24"]
[Round "1"]
[White "Khakpoor, Abbas"]
[Black "Kantans, Toms"]
[Result "0-1"]
[WhiteElo "2195"]
[BlackElo "2524"]
[PlyCount "72"]
[EventDate "2017.10.24"]
[EventType "swiss"]
[EventRounds "9"]
[EventCountry "IRI"]
[SourceTitle "CBM 181 Extra"]
[Source "ChessBase"]
[SourceDate "2017.12.12"]
[SourceVersion "1"]
[SourceVersionDate "2017.12.12"]
[SourceQuality "1"]

1. b3 Nf6 2. Bb2 g6 3. d4 Bg7 4. Nc3 d5 5. Qd2 0-0 6. e3 Bf5 7. f3 h5 8. Nge2 Bh6 9. Ng3 Bc8 10. Be2 c5 11. Na4 cxd4 12. Bxd4 Nc6 13. Bb2 e5 14. 0-0-0 d4 15. Kb1 Bxe3 16. Qe1 Qe7 17. Bd3 Bd7 18. c4 Rfe8 19. h4 Nb4 20. Ka1 Nxd3 21. Rxd3 Bxa4 22. Rxe3 dxe3 23. bxa4 Qc5 24. Qc1 Rac8 25. Re1 Qxc4 26. Qxe3 Nd5 27. Qe4 Nb4 28. Qxc4 Rxc4 29. Rd1 f5 30. Rd7 Nc6 31. Rxb7 Rd8 32. a3 Rd2 33. Ka2 Rxg2 34. Nf1 f4 35. Rd7 Rcc2 36. Rb7 Rgf2 0-1

[Event "Tehran Paytakht Cup 1st"]
[Site "Tehran"]
[Date "2016.10.29"]
[Round "6"]
[White "Khakpoor, Abbas"]
[Black "Al Ali, Hussein Ali Hussein"]
[Result "1/2-1/2"]
[WhiteElo "2185"]
[BlackElo "2273"]
[PlyCount "236"]
[EventDate "2016.10.25"]
[EventType "swiss"]
[EventRounds "9"]
[EventCountry "IRI"]
[SourceTitle "EXT 2018"]
[Source "ChessBase"]
[SourceDate "2017.10.13"]
[SourceVersion "1"]
[SourceVersionDate "2017.10.13"]
[SourceQuality "1"]

1. Nf3 Nf6 2. g3 d5 3. Bg2 c6 4. 0-0 g6 5. d3 Bg7 6. Nbd2 0-0 7. c3 Nbd7 8. d4 Re8 9. a4 e5 10. dxe5 Nxe5 11. a5 Nxf3+ 12. Nxf3 Ne4 13. Be3 Bg4 14. Bd4 f6 15. Re1 Qd7 16. Nd2 Ng5 17. Nb3 Re7 18. Bc5 Rf7 19. Ra4 Bh3 20. Be3 Bxg2 21. Kxg2 Qh3+ 22. Kg1 Ne4 23. Nc5 f5 24. Ne6 Bh6 25. Qc1 f4 26. Nxf4 Bxf4 27. Bxf4 g5 28. Rxe4 dxe4 29. Bxg5 Qf5 30. Qe3 Qxa5 31. Bh6 Qf5 32. Rd1 b6 33. Bf4 Re8 34. b4 h5 35. h4 Rd7 36. Rxd7 Qxd7 37. Bg5 Qd5 38. Bf6 Kh7 39. Bd4 Qf5 40. c4 Rd8 41. Bc3 c5 42. b5 Rd7 43. Kg2 Rf7 44. Bd2 Qe6 45. Qc3 Rd7 46. Be3 Kg8 47. Qc2 Qe5 48. Qb1 Kf7 49. Qc2 Ke6 50. Qb1 Rd8 51. Qa2 Rd7 52. Qa6 Qh8 53. Kh2 Kf5 54. Kg2 Qg8 55. Qa2 Qe6 56. Qc2 Qe5 57. Qa2 Qc3 58. Qa6 Qxc4 59. Qc8 Qf7 60. Bf4 Kg6 61. Qc6+ Kg7 62. Qh6+ Kg8 63. Be5 Qf5 64. Qh8+ Kf7 65. Bc3 Ke6 66. Qg8+ Qf7 67. Qg5 Rd5 68. Qh6+ Ke7 69. Bd2 Rd6 70. Bg5+ Kd7 71. Qh8 Ke6 72. Bf4 Rd5 73. Qc8+ Rd7 74. Qc6+ Kf5 75. Qh6 Qg6 76. Qh8 Ke6 77. Qc8 Qf5 78. Qg8+ Rf7 79. Qd8 Qd5 80. Qe8+ Kf5 81. Qg8 c4 82. e3 Kf6 83. Bg5+ Ke6 84. Qc8+ Kd6 85. Bf4+ Rxf4 86. gxf4 Qxb5 87. Qb8+ Ke6 88. Qg8+ Ke7 89. Qg7+ Kd8 90. Qf6+ Kc7 91. f5 Qd7 92. Qe5+ Kc6 93. f6 Qg4+ 94. Kf1 Qd1+ 95. Kg2 Qf3+ 96. Kg1 Qd1+ 97. Kg2 Qg4+ 98. Kf1 c3 99. Qxc3+ Kd6 100. Qb4+ Kc6 101. f7 Qd1+ 102. Qe1 Qd3+ 103. Kg2 Qa3 104. Qd1 Qf8 105. Qxh5 Qg7+ 106. Kf1 Qa1+ 107. Ke2 Qb2+ 108. Ke1 Qc3+ 109. Ke2 Qb2+ 110. Kf1 Qa1+ 111. Kg2 Qg7+ 112. Kh1 Qa1+ 113. Kh2 Qf6 114. Kg2 Qg7+ 115. Kh1 Qa1+ 116. Kh2 Qf6 117. Kg1 Qa1+ 118. Kg2 Qg7+ 1/2-1/2

[Event "Tehran Paytakht Cup 1st"]
[Site "Tehran"]
[Date "2016.10.25"]
[Round "1"]
[White "Alavi, Sayed Javad"]
[Black "Khakpoor, Abbas"]
[Result "1-0"]
[WhiteElo "2457"]
[BlackElo "2185"]
[PlyCount "157"]
[EventDate "2016.10.25"]
[EventType "swiss"]
[EventRounds "9"]
[EventCountry "IRI"]
[SourceTitle "EXT 2018"]
[Source "ChessBase"]
[SourceDate "2017.10.13"]
[SourceVersion "1"]
[SourceVersionDate "2017.10.13"]
[SourceQuality "1"]

1. d4 Nf6 2. c4 g6 3. Nf3 d6 4. g3 Bf5 5. Bg2 Bg7 6. 0-0 Qc8 7. Re1 0-0 8. Nc3 Bg4 9. e4 Nc6 10. Be3 Re8 11. Qd2 Bxf3 12. Bxf3 Ng4 13. Bxg4 Qxg4 14. Kg2 a6 15. Rac1 Qd7 16. b3 f5 17. d5 Ne5 18. f4 Ng4 19. Bd4 e5 20. dxe6 Rxe6 21. Bxg7 Kxg7 22. exf5 gxf5 23. Rxe6 Qxe6 24. Re1 Qf7 25. Qd4+ Kg6 26. h3 Nf6 27. Qd3 h5 28. Nd1 Re8 29. Rxe8 Qxe8 30. Nf2 Qc6+ 31. Kf1 d5 32. g4 hxg4 33. hxg4 Qe6 34. g5 dxc4 35. Qxc4 Nd5 36. Qd4 c6 37. Nd3 Ne3+ 38. Ke2 Ng4+ 39. Kd2 Kh7 40. Kc3 a5 41. Qd8 Ne3 42. Qc7+ Kg8 43. Qb8+ Kg7 44. Qxb7+ Kg8 45. Qb8+ Kh7 46. Qa7+ Kg8 47. Qxa5 Nd5+ 48. Kc2 Qe2+ 49. Qd2 Qe4 50. a3 c5 51. Kc1 c4 52. bxc4 Qxc4+ 53. Qc2 Nc3 54. Kb2 Na4+ 55. Kc1 Nc3 56. Kb2 Na4+ 57. Kb1 Nc3+ 58. Ka1 Qd4 59. Qb3+ Kh7 60. Qf7+ Kh8 61. Qe8+ Kh7 62. Qe7+ Kg8 63. Qe6+ Kg7 64. Qe5+ Qxe5 65. Nxe5 Nd5 66. Nd3 Kf7 67. Ka2 Ke6 68. Kb3 Kd6 69. a4 Nc7 70. Kc4 Kc6 71. Nb4+ Kd6 72. a5 Ne6 73. a6 Kc7 74. g6 Kb6 75. Nd5+ Ka7 76. Nc7 Ng7 77. Kc5 Nh5 78. Kd6 Kb6 79. Ne8 1-0

[Event "Asia-ch Seniors 50"]
[Site "Larestan"]
[Date "2015.09.28"]
[Round "5"]
[White "Jooyandeh, Hassan"]
[Black "Khakpoor, Abbas"]
[Result "0-1"]
[WhiteElo "2028"]
[BlackElo "2197"]
[PlyCount "126"]
[EventDate "2015.09.25"]
[EventType "swiss"]
[EventRounds "9"]
[EventCountry "IRI"]
[SourceTitle "EXT 2017"]
[Source "ChessBase"]
[SourceDate "2016.10.25"]
[SourceVersion "1"]
[SourceVersionDate "2016.10.25"]
[SourceQuality "1"]

1. d4 Nf6 2. c4 d6 3. Nc3 Bf5 4. f3 e5 5. e4 exd4 6. Qxd4 Nc6 7. Qd1 Be6 8. Be3 g6 9. Qb3 Rb8 10. Nd5 Bg7 11. Ne2 Nd7 12. Nec3 0-0 13. Be2 Na5 14. Qb4 Nc6 15. Qa4 Nb6 16. Qc2 Nd4 17. Qd2 c5 18. 0-0 f5 19. Bg5 Qd7 20. exf5 Nxf5 21. Nxb6 axb6 22. Nb5 h6 23. Bf4 g5 24. Bg3 Nxg3 25. hxg3 Rbd8 26. Rad1 Qe7 27. Bd3 Qf7 28. b3 Be5 29. f4 gxf4 30. gxf4 Bg7 31. f5 Bd7 32. f6 Bxf6 33. Qxh6 Qg7 34. Qxg7+ Kxg7 35. g3 Be5 36. Be4 Rxf1+ 37. Rxf1 Bc6 38. Bxc6 bxc6 39. Nc7 Kg6 40. Kg2 d5 41. Ne6 Ra8 42. Rf2 dxc4 43. bxc4 Ra3 44. Nf4+ Bxf4 45. gxf4 Kf5 46. Rb2 Kxf4 47. Rxb6 Rxa2+ 48. Kf1 Ke3 49. Rxc6 Ra1+ 50. Kg2 Kd4 51. Kf3 Re1 52. Rc8 Kxc4 53. Kf2 Re7 54. Kf1 Kb4 55. Rb8+ Kc3 56. Rc8 c4 57. Rh8 Kb3 58. Rh3+ c3 59. Rh8 c2 60. Rb8+ Kc3 61. Rc8+ Kd2 62. Rd8+ Kc1 63. Kf2 Rb7 0-1

[Event "Fajr op 13th"]
[Site "Tehran"]
[Date "2005.01.30"]
[Round "6"]
[White "Khakpoor, Abbas"]
[Black "Faisal, Abdulla Kashwani"]
[Result "1-0"]
[WhiteElo "2260"]
[BlackElo "2133"]
[PlyCount "61"]
[EventDate "2005.01.04"]
[EventType "swiss"]
[EventRounds "9"]
[EventCountry "IRI"]
[SourceTitle "CBM 104 Extra"]
[Source "ChessBase"]
[SourceDate "2005.03.01"]
[SourceVersion "1"]
[SourceVersionDate "2005.03.01"]
[SourceQuality "1"]

1. e4 d5 2. exd5 Qxd5 3. Nc3 Qd6 4. d4 Nf6 5. Nf3 a6 6. g3 b5 7. Bg2 Bb7 8. 0-0 e6 9. Bf4 Qb6 10. a4 Bd6 11. Bxd6 cxd6 12. axb5 axb5 13. Qd3 Ba6 14. b4 Nc6 15. Ne4 Nxe4 16. Qxe4 d5 17. Qh4 0-0 18. c3 Bb7 19. Qf4 Rfc8 20. Nd2 Nb8 21. Nb3 Rxc3 22. Rxa8 Bxa8 23. Ra1 Bc6 24. Nc5 Qd8 25. Ra7 Qe8 26. Qd2 Rc4 27. Bf1 h6 28. h4 Kh7 29. Bd3+ f5 30. Qe1 Rxd4 31. Qe5 1-0

[Event "Tehran-ch"]
[Site "Tehran"]
[Date "2003.07.19"]
[Round "8"]
[White "Noroozi, Omid"]
[Black "Khakpoor, Abbas"]
[Result "1-0"]
[WhiteElo "2196"]
[BlackElo "2252"]
[PlyCount "153"]
[EventDate "2003.07.05"]
[EventType "swiss"]
[EventRounds "9"]
[EventCountry "IRI"]
[SourceTitle "EXT 2004"]
[Source "ChessBase"]
[SourceDate "2003.11.25"]
[SourceVersion "1"]
[SourceVersionDate "2003.11.25"]
[SourceQuality "1"]

1. c4 g6 2. Nc3 Bg7 3. d4 Nf6 4. e4 d6 5. Be2 0-0 6. Bg5 Na6 7. Qd2 e5 8. d5 Nc5 9. f3 h6 10. Be3 Ne8 11. h4 Kh7 12. g4 c6 13. h5 g5 14. dxc6 Ne6 15. cxb7 Bxb7 16. Bd3 Nd4 17. Kf2 Nc7 18. Nge2 Nce6 19. Ng3 Kh8 20. Nf5 a5 21. Nb5 Nxf5 22. exf5 d5 23. fxe6 d4 24. Bxg5 hxg5 25. h6 Bf6 26. c5 e4 27. Bxe4 Bxe4 28. fxe4 fxe6 29. Kg2 Qb8 30. Nd6 Be5 31. Raf1 Qc7 32. Qxg5 Qxc5 33. Nc4 Rf5 34. Rxf5 exf5 35. Qxf5 Re8 36. Nxe5 Qxe5 37. Qxe5+ Rxe5 38. Kf3 Rb5 39. Rd1 Kh7 40. Rxd4 Kxh6 41. b3 Rb8 42. Rd5 Ra8 43. a4 Kg6 44. Kf4 Kf6 45. e5+ Ke6 46. Rd6+ Ke7 47. Rb6 Rf8+ 48. Ke4 Rg8 49. Kf5 Rf8+ 50. Rf6 Rb8 51. Ra6 Rxb3 52. Rxa5 Rf3+ 53. Ke4 Rf1 54. g5 Rg1 55. Kf5 Rf1+ 56. Kg6 Ke6 57. Ra6+ Ke7 58. Kg7 Rf5 59. g6 Rxe5 60. Rf6 Ra5 61. Rf4 Rh5 62. Re4+ Kd7 63. Kg8 Kd6 64. g7 Rh1 65. Kf7 Rf1+ 66. Kg6 Rg1+ 67. Kf5 Rg2 68. Re8 Rf2+ 69. Kg6 Rg2+ 70. Kf7 Rf2+ 71. Kg8 Kd7 72. Re4 Rh2 73. Kf7 Rf2+ 74. Kg6 Rg2+ 75. Kf6 Rg1 76. a5 Kc6 77. Re5 1-0

[Event "Tehran-ch"]
[Site "Tehran"]
[Date "2003.07.17"]
[Round "6"]
[White "Ardeshi, Mehrdad"]
[Black "Khakpoor, Abbas"]
[Result "0-1"]
[WhiteElo "2339"]
[BlackElo "2252"]
[PlyCount "138"]
[EventDate "2003.07.05"]
[EventType "swiss"]
[EventRounds "9"]
[EventCountry "IRI"]
[SourceTitle "EXT 2004"]
[Source "ChessBase"]
[SourceDate "2003.11.25"]
[SourceVersion "1"]
[SourceVersionDate "2003.11.25"]
[SourceQuality "1"]

1. e4 c5 2. Nf3 Nc6 3. Bb5 g6 4. 0-0 Bg7 5. Bxc6 bxc6 6. e5 f6 7. Qe2 fxe5 8. Nxe5 Qc7 9. f4 d6 10. Nc4 Nf6 11. d3 0-0 12. Nc3 Bg4 13. Qe1 Nd5 14. Bd2 Bd4+ 15. Kh1 Nb4 16. Rc1 d5 17. Ne5 Bxe5 18. fxe5 Rxf1+ 19. Qxf1 Rf8 20. Qe1 Be6 21. a3 Na6 22. Qg3 Nb8 23. Ne2 Nd7 24. Bf4 Rf5 25. h3 Nf8 26. d4 Qb6 27. Qe3 Qxb2 28. dxc5 g5 29. Bh2 h6 30. Nd4 Rf7 31. Nxc6 Qb5 32. Nxa7 Qa4 33. Qb3 Qxa7 34. c6 Qa6 35. Qb7 Bc8 36. Qxa6 Bxa6 37. c4 dxc4 38. c7 Ne6 39. Rxc4 Rf1+ 40. Bg1 Bc8 41. a4 Rf4 42. Rc1 Rxa4 43. Rd1 Kf7 44. Rd8 Ra8 45. Bb6 Kg6 46. Kg1 Kf5 47. Rh8 Kxe5 48. Rxh6 Ra6 49. Bf2 Rc6 50. Bg3+ Kd5 51. Rh8 Ba6 52. Ra8 Nc5 53. Ra7 e5 54. Bf2 Ne4 55. Rxa6 Rc1+ 56. Kh2 Nxf2 57. Rg6 Ne4 58. Rg7 Kd6 59. g3 Rc2+ 60. Kg1 Rxc7 61. Rg6+ Kd5 62. h4 gxh4 63. gxh4 Rh7 64. Rg4 Nf6 65. Ra4 Ne4 66. Ra5+ Nc5 67. Kf1 Rxh4 68. Ra8 Nb3 69. Ke2 Rh2+ 0-1

[Event "Fajr op 10th"]
[Site "Iran"]
[Date "2001.02.11"]
[Round "9"]
[White "Khakpoor, Abbas"]
[Black "Manukian, Artak"]
[Result "0-1"]
[WhiteElo "2290"]
[BlackElo "2045"]
[PlyCount "132"]
[EventDate "2001.02.03"]
[EventType "swiss"]
[EventRounds "9"]
[EventCountry "IRI"]
[SourceTitle "CBM 080 Extra"]
[Source "ChessBase"]
[SourceDate "2001.03.08"]
[SourceVersion "1"]
[SourceVersionDate "2001.03.08"]
[SourceQuality "1"]

1. e4 c5 2. Nf3 d6 3. Bc4 e6 4. d3 a6 5. Bb3 Nf6 6. 0-0 Be7 7. c3 0-0 8. Re1 b5 9. Nbd2 Bb7 10. Bc2 Nc6 11. Nf1 Re8 12. Ng3 Qc7 13. Bf4 Red8 14. Rc1 e5 15. Bd2 g6 16. Qe2 Bf8 17. h4 Bg7 18. h5 d5 19. hxg6 hxg6 20. Bg5 dxe4 21. dxe4 c4 22. Nh2 Rd6 23. Qf3 Nd8 24. Rcd1 Nh7 25. Be3 Ne6 26. Rxd6 Qxd6 27. Qg4 Nc5 28. Bxc5 Qxc5 29. Rd1 Nf6 30. Qg5 Qc7 31. Nf3 Nh7 32. Qd2 Nf8 33. Qg5 Ne6 34. Qg4 Rd8 35. Ng5 Rxd1+ 36. Bxd1 Nf8 37. Nf1 Bc8 38. Qg3 Bh6 39. Qh4 Bg7 40. Ne3 Qd8 41. Nd5 Bb7 42. Nf3 Qxh4 43. Nxh4 f5 44. Bc2 Kf7 45. b3 Bxd5 46. exd5 Bf6 47. Nf3 e4 48. Nh2 Bxc3 49. bxc4 bxc4 50. Kf1 Be5 51. g3 Ke7 52. Ke2 Kd6 53. f3 Bxg3 54. Nf1 exf3+ 55. Kxf3 Be5 56. Ne3 Kc5 57. Bd1 Bd4 58. Nc2 Nd7 59. Kf4 Bf6 60. Be2 Nb6 61. Bf3 Nxd5+ 62. Bxd5 Kxd5 63. Nb4+ Kd4 64. Nxa6 Be7 65. Kf3 Kd3 66. Nc7 c3 0-1

[Event "Asia Cities-ch 12th"]
[Site "Beirut"]
[Date "2000.03.25"]
[Round "9"]
[White "Khakpoor, Abbas"]
[Black "Annageldyev, Orazly"]
[Result "0-1"]
[WhiteElo "2283"]
[BlackElo "2455"]
[PlyCount "110"]
[EventDate "2000.03.19"]
[EventType "team-swiss"]
[EventRounds "9"]
[EventCountry "LBN"]
[SourceTitle "EXT 2020"]
[Source "ChessBase"]
[SourceDate "2019.10.17"]
[SourceVersion "1"]
[SourceVersionDate "2019.10.17"]
[SourceQuality "1"]
[WhiteTeam "Tehran"]
[BlackTeam "Askhabat"]
[WhiteTeamCountry "IRI"]
[BlackTeamCountry "TKM"]

1. e4 c5 2. c3 d5 3. exd5 Qxd5 4. d4 Nf6 5. Nf3 g6 6. Na3 cxd4 7. Bc4 Qe4+ 8. Be3 Bg4 9. Nb5 Bxf3 10. gxf3 Qc6 11. Qb3 dxe3 12. Bxf7+ Kd8 13. 0-0-0+ Nbd7 14. Nd4 Qb6 15. Ne6+ Kc8 16. Qc4+ Qc6 17. Rxd7 Nxd7 18. Qd4 e2 19. Qxh8 Qxf3 20. Re1 Qxf2 21. Kd2 Qxf7 22. Rxe2 a5 23. Nxf8 Nxf8 24. Qd4 Ra6 25. Qc5+ Kd8 26. Rf2 Nd7 27. Qe3 Rd6+ 28. Kc2 Qxa2 29. Rf1 Qa4+ 30. Kb1 Rd1+ 31. Rxd1 Qxd1+ 32. Ka2 a4 33. Qa7 Qb3+ 34. Ka1 e5 35. Qa8+ Kc7 36. Qa5+ Kc6 37. Qd8 a3 38. Qc8+ Kd6 39. bxa3 b6 40. c4 Qxa3+ 41. Kb1 Qb4+ 42. Ka1 Qc5 43. Qg8 Qg1+ 44. Ka2 Qxh2+ 45. Ka3 Qd2 46. Qxh7 Qc3+ 47. Ka2 Qxc4+ 48. Ka1 Qd3 49. Qf7 b5 50. Qg8 b4 51. Qf7 Qf5 52. Qc4 Qf4 53. Qa6+ Ke7 54. Qxg6 e4 55. Ka2 Qf7+ 0-1

[Event "Asia Cities-ch 12th"]
[Site "Beirut"]
[Date "2000.03.23"]
[Round "7"]
[White "Khakpoor, Abbas"]
[Black "Ganbold, Odondoo"]
[Result "1-0"]
[WhiteElo "2283"]
[BlackElo "2332"]
[PlyCount "86"]
[EventDate "2000.03.19"]
[EventType "team-swiss"]
[EventRounds "9"]
[EventCountry "LBN"]
[SourceTitle "EXT 2020"]
[Source "ChessBase"]
[SourceDate "2019.10.17"]
[SourceVersion "1"]
[SourceVersionDate "2019.10.17"]
[SourceQuality "1"]
[WhiteTeam "Tehran"]
[BlackTeam "Ulaanbaatar"]
[WhiteTeamCountry "IRI"]
[BlackTeamCountry "MGL"]

1. e4 e5 2. Nf3 Nc6 3. Bb5 a6 4. Ba4 Nf6 5. 0-0 b5 6. Bb3 Be7 7. Re1 0-0 8. a4 Bb7 9. d3 d6 10. c3 Na5 11. Ba2 c5 12. Nbd2 Qc7 13. Nf1 c4 14. Bg5 Rfd8 15. Ne3 d5 16. Bxf6 Bxf6 17. exd5 Bxd5 18. Ng4 cxd3 19. Bxd5 Rxd5 20. axb5 d2 21. Nxd2 Be7 22. Qf3 Rad8 23. bxa6 Rxd2 24. a7 Qxa7 25. Nxe5 Rxf2 26. Rxa5 Rxf3+ 27. Rxa7 Bc5+ 28. Kh1 Re3 29. Raa1 f5 30. Rxe3 Bxe3 31. b4 Bd2 32. Nc6 Rd6 33. Ne7+ Kf8 34. Nxf5 Rf6 35. g4 g6 36. Ra8+ Kf7 37. Ra7+ Kf8 38. Ng3 Bxc3 39. Ne4 Rf3 40. Ra3 Rf1+ 41. Kg2 Rf4 42. Nxc3 Rxg4+ 43. Kf3 Rxb4 1-0

[Event "Asia Cities-ch 12th"]
[Site "Beirut"]
[Date "2000.03.20"]
[Round "2"]
[White "Abbasifar, Hasan"]
[Black "Khakpoor, Abbas"]
[Result "0-1"]
[WhiteElo "2384"]
[BlackElo "2283"]
[PlyCount "58"]
[EventDate "2000.03.19"]
[EventType "team-swiss"]
[EventRounds "9"]
[EventCountry "LBN"]
[SourceTitle "EXT 2020"]
[Source "ChessBase"]
[SourceDate "2019.10.17"]
[SourceVersion "1"]
[SourceVersionDate "2019.10.17"]
[SourceQuality "1"]
[WhiteTeam "Gorgan"]
[BlackTeam "Tehran"]
[WhiteTeamCountry "IRI"]
[BlackTeamCountry "IRI"]

1. d4 Nf6 2. f3 d5 3. e4 dxe4 4. Nc3 c6 5. Bc4 Bf5 6. g4 Bg6 7. g5 Nd5 8. Nxe4 e6 9. Ne2 Be7 10. Bb3 Nb6 11. N2g3 Na6 12. c4 0-0 13. Be3 c5 14. dxc5 Nd7 15. c6 bxc6 16. 0-0 Ndc5 17. Bc2 Rb8 18. b3 Qc7 19. Qe2 Nxe4 20. Nxe4 Nb4 21. f4 Nxc2 22. Qxc2 Rbd8 23. Rae1 Qa5 24. Qg2 Bxe4 25. Qxe4 Bc5 26. Bf2 Rd2 27. Re2 Rxe2 28. Qxe2 Rd8 29. Qe4 Qb6 0-1

[Event "Olympiad-33"]
[Site "Elista"]
[Date "1998.09.29"]
[Round "1.3"]
[White "Khakpoor, Abbas"]
[Black "Gulko, Boris F"]
[Result "0-1"]
[WhiteElo "2290"]
[BlackElo "2585"]
[PlyCount "76"]
[EventDate "1998.09.29"]
[EventType "team-swiss"]
[EventRounds "13"]
[EventCountry "RUS"]
[SourceTitle "CBM 068"]
[Source "ChessBase"]
[SourceDate "1999.02.01"]
[SourceVersion "1"]
[SourceVersionDate "1999.02.01"]
[SourceQuality "1"]
[WhiteTeam "Iran"]
[BlackTeam "United States"]
[WhiteTeamCountry "IRI"]
[BlackTeamCountry "USA"]

1. e4 d6 2. d4 Nf6 3. Nc3 g6 4. Be3 c6 5. Qd2 b5 6. f3 Nbd7 7. 0-0-0 Bg7 8. Bh6 Bxh6 9. Qxh6 b4 10. Nce2 e5 11. Kb1 Qe7 12. Qd2 a5 13. h4 Nb6 14. Nc1 Be6 15. Nh3 h6 16. g4 h5 17. g5 Nfd7 18. f4 0-0 19. Be2 Bxh3 20. Rxh3 exf4 21. Qxf4 a4 22. Rg3 Kg7 23. Rf1 Rae8 24. Bf3 c5 25. Qd2 Nc4 26. Qd3 Ndb6 27. Ne2 Rc8 28. Nf4 cxd4 29. Bxh5 Qxe4 30. Bd1 Rfe8 31. h5 Ne3 32. hxg6 Qxd3 33. Nh5+ Kh8 34. g7+ Kg8 35. cxd3 Nxf1 36. Nf6+ Kxg7 37. Nxe8+ Rxe8 38. Rg2 Re1 0-1

[Event "Iran Ligve op 1st"]
[Site "Iran"]
[Date "1997.??.??"]
[Round "?"]
[White "Bagheri, Amir"]
[Black "Khakpoor, Abbas"]
[Result "1-0"]
[WhiteElo "2215"]
[BlackElo "2215"]
[PlyCount "85"]
[EventDate "1997.??.??"]
[EventType "swiss"]
[EventRounds "11"]
[EventCountry "IRI"]
[SourceTitle "EXT 2003"]
[Source "ChessBase"]
[SourceDate "2002.11.25"]
[SourceVersion "1"]
[SourceVersionDate "2002.11.25"]
[SourceQuality "1"]

1. d4 Nf6 2. Nf3 g6 3. Bg5 Bg7 4. Nbd2 c5 5. e3 0-0 6. c3 d6 7. Bc4 Nc6 8. 0-0 d5 9. Bd3 b6 10. Qb1 h6 11. Bh4 g5 12. Bg3 Nh5 13. b4 Nxg3 14. hxg3 e6 15. bxc5 bxc5 16. Qb5 Qd6 17. dxc5 Qc7 18. Qa4 Bxc3 19. Rac1 Bg7 20. e4 Bd7 21. exd5 exd5 22. Nb3 Rab8 23. Bb5 Rfe8 24. Bxc6 Bxc6 25. Qa5 Qd7 26. Nbd4 Rec8 27. Rfe1 Ba8 28. Qd2 Rc7 29. Ne5 Qd8 30. Nf5 Qf6 31. Nxg7 Qxg7 32. c6 Rd8 33. Qa5 Rcc8 34. Nd7 Qg6 35. Red1 Bxc6 36. Ne5 Qd6 37. Nxc6 Re8 38. Qxd5 Qf6 39. Nb4 Rb8 40. Nd3 Re2 41. Rc6 Qe7 42. Rdc1 Re8 43. Rc8 1-0